|
|
|
|
| LEADER |
00980nam a2200253 a 4500 |
| 001 |
1242808 |
| 008 |
091010s1973 njua 000 0 eng d |
| 010 |
|
|
|a \\\72008894
|
| 020 |
|
|
|a 0132948680
|
| 020 |
|
|
|a 0132948508 (pbk.)
|
| 040 |
|
|
|a DLC
|c DLC
|d DLC
|
| 082 |
0 |
0 |
|a 371.3
|2 18
|
| 100 |
1 |
|
|a Baker, Eva L.
|
| 245 |
1 |
0 |
|a Expanding dimensions of instructional objectives /
|c by Eva L.Baker and W. James Popham.
|
| 260 |
|
|
|a Englewood Cliffs, N.J. :
|b Prentice-Hall,
|c 1973.
|
| 300 |
|
|
|a vii, 129 p. :
|b illus. ;
|c 23 cm.
|
| 541 |
1 |
|
|e 00005082
|
| 650 |
|
0 |
|a Curriculum planning.
|
| 650 |
|
0 |
|a Behaviorism (Psychology)
|
| 650 |
|
0 |
|a Educational tests and measurements.
|
| 700 |
1 |
|
|a Popham, W. James,
|e joint author.
|
| 852 |
4 |
|
|a Ayesha Abed Library
|j General shelf
|
| 999 |
|
|
|c 4337
|d 4337
|
| 952 |
|
|
|0 0
|1 0
|2 ddc
|4 0
|6 371_300000000000000_BAK_1973
|7 0
|9 4014
|a BRACUL
|b BRACUL
|c GEN
|d 2009-10-10
|g 0.00
|l 0
|o 371.3 BAK
|p 3010005082
|r 2009-10-10
|t 1
|w 2009-10-10
|y BK
|x No price found in the accession register.
|